[Event "31.Schlosspark-Open"]
[Site "Wiesbaden-Biebrich"]
[Date "2019.08.25"]
[Round "7.82"]
[White "Kuenne, Lutz"]
[Black "Vick, Edward"]
[Result "1-0"]
[WhiteElo "1546"]
[BlackElo "1238"]
[PlyCount "113"]
[EventDate "2019.??.??"]
[WhiteTeam "KC Jena"]
[BlackTeam "TuS Makkabi Wiesbaden"]

1. d4 d5 2. Bf4 e6 3. Nf3 c5 4. c3 Nc6 5. e3 cxd4 6. cxd4 Nf6 7. Nbd2 Bd6 8.
Bxd6 Qxd6 9. a3 e5 10. dxe5 Nxe5 11. Bb5+ Bd7 12. Bxd7+ Nfxd7 13. Nxe5 Nxe5 14.
O-O O-O 15. Nf3 Rad8 16. Nd4 Nc6 17. Rc1 Nxd4 18. Qxd4 a6 19. Rfd1 Rfe8 20. Rc5
Re5 21. Qc3 Qb8 22. Rc1 g6 23. Rc7 Ree8 24. Qf6 Rf8 25. Qb6 Rc8 26. R1c3 Rfe8
27. Qxb7 Qxb7 28. Rxb7 Rcd8 29. Rcc7 Rf8 30. g3 d4 31. exd4 Rxd4 32. Kg2 Kg7
33. Ra7 Rd6 34. Rd7 Rb6 35. Rab7 Rc6 36. Re7 Rd6 37. Kf3 Kf6 38. h4 h5 39. Re4
Rd5 40. Rb6+ Kg7 41. Rxa6 Rb8 42. b4 Rd3+ 43. Re3 Rd4 44. Rc6 Rbd8 45. Rcc3
R8d5 46. Kg2 Rf5 47. Rf3 Rfd5 48. Rc7 Rd7 49. Rxd7 Rxd7 50. b5 Rb7 51. a4 f5
52. Rb3 Kf6 53. b6 Ke6 54. a5 Kd6 55. a6 Rb8 56. a7 Ra8 57. b7 1-0

[Event "31.Schlosspark-Open"]
[Site "Wiesbaden-Biebrich"]
[Date "2019.08.25"]
[Round "7.83"]
[White "Sturm, Holger"]
[Black "Kehrein, Lothar"]
[Result "1-0"]
[WhiteElo "1398"]
[BlackElo "958"]
[PlyCount "51"]
[EventDate "2019.??.??"]
[WhiteTeam "Schierstein"]
[BlackTeam "SK Gau-Algesheim"]

1. d4 d5 2. c4 dxc4 3. Nc3 Nf6 4. Nf3 Nc6 5. e3 Bg4 6. Bxc4 e6 7. O-O Bd6 8.
Be2 O-O 9. e4 Bxf3 10. Bxf3 Nxd4 11. Bg5 Nxf3+ 12. Qxf3 Qe7 13. Rfe1 Be5 14.
Rad1 Rad8 15. Qh3 Rxd1 16. Rxd1 Rd8 17. Rf1 a6 18. f4 Bd4+ 19. Kh1 h6 20. Bh4
Bxc3 21. bxc3 Qc5 22. e5 Qc4 23. Kg1 g5 24. exf6 Qc5+ 25. Bf2 Qd5 26. Qxh6 1-0

[Event "31.Schlosspark-Open"]
[Site "Wiesbaden-Biebrich"]
[Date "2019.08.25"]
[Round "7.84"]
[White "Raima, Jan"]
[Black "Machwirth, Ernst"]
[Result "0-1"]
[WhiteElo "1363"]
[BlackElo "1388"]
[PlyCount "230"]
[EventDate "2019.??.??"]
[WhiteTeam "FC Bierstadt"]
[BlackTeam "Sfr. Wiesbaden"]

1. b4 e5 2. Bb2 d6 3. c4 Nf6 4. a3 Be6 5. e3 Nbd7 6. Be2 Nb6 7. Qc2 Qd7 8. Nf3
Na4 9. Nc3 Nxb2 10. Qxb2 c6 11. O-O h6 12. d4 e4 13. Nd2 d5 14. cxd5 cxd5 15.
Bb5 Bd6 16. Bxd7+ Bxd7 17. Qb3 Be6 18. Nb5 Bb8 19. Qa4 Bd7 20. Rfc1 O-O 21. Nb1
a6 22. Qb3 Bxb5 23. Nc3 Bc4 24. Qd1 Bd6 25. Na4 b5 26. Nb6 Rab8 27. Nxc4 bxc4
28. Rc3 Rb6 29. h3 Rc8 30. g3 g6 31. Kg2 h5 32. h4 Kg7 33. Qh1 Rc7 34. Qc1 Rcb7
35. Qc2 Rc6 36. Qa4 Rcb6 37. Rb1 Kf8 38. Qd1 Ke7 39. Ra1 Rc7 40. Kg1 Kd8 41.
Ra2 Rbc6 42. Qc1 Nd7 43. Qb2 f5 44. Kg2 Nf6 45. Qa1 Rb7 46. Rb2 Rcb6 47. Rcc2
Nd7 48. Kh2 Ke7 49. Qa2 Rc7 50. Qa1 Rbb7 51. Qd1 Nf6 52. Rc3 Ng4+ 53. Kg2 Rb6
54. Kg1 Ke6 55. Qa4 Nf6 56. Qa5 Rcb7 57. Qa4 Ke7 58. Kg2 Ne8 59. Ra2 Nc7 60.
Rcc2 Nb5 61. Rc1 Rc7 62. Qc2 Na7 63. Kf1 Ke6 64. Qa4 Ke7 65. Kg2 Nb5 66. Qc2
Na7 67. Qd1 Ke6 68. Qh1 Rcb7 69. Kh3 Rc7 70. f3 exf3 71. Qxf3 Rf7 72. Re1 Rf8
73. Qd1 Nb5 74. Ra1 Nc3 75. Qc1 Ne4 76. Rg1 Rc8 77. Ra2 Kf6 78. Rb2 Rcb8 79.
Rgg2 Rc8 80. Qc2 Rc7 81. Qa4 Ke7 82. Qa5 Rcc6 83. Qxd5 Nf6 84. Qf3 Rc8 85. Rg1
Ke6 86. Rgb1 Ne4 87. Rg1 a5 88. Rgb1 c3 89. Rc2 axb4 90. axb4 Nd2 91. Rxd2 cxd2
92. Rd1 Bxb4 93. Qe2 Rc2 94. Kg2 Rbc6 95. Kf3 R6c4 96. Kf2 Rc1 97. Rxd2 Bxd2
98. Qxd2 R4c2 99. Ke2 Rxd2+ 100. Kxd2 Rg1 101. Kc3 Kd5 102. Kd3 Rxg3 103. Ke2
Rh3 104. Kf2 Rxh4 105. Kg3 Re4 106. Kf3 h4 107. Kf2 g5 108. Kf3 g4+ 109. Kg2
Rxe3 110. Kf2 Kxd4 111. Kf1 g3 112. Kg2 f4 113. Kg1 Re2 114. Kf1 f3 115. Kg1
Re1# 0-1

[Event "31.Schlosspark-Open"]
[Site "Wiesbaden-Biebrich"]
[Date "2019.08.25"]
[Round "7.85"]
[White "Lochmann, Tobias"]
[Black "Baehrle, Julius"]
[Result "0-1"]
[WhiteElo "1199"]
[BlackElo "1349"]
[PlyCount "68"]
[EventDate "2019.??.??"]
[WhiteTeam "SV Groß-Gerau"]
[BlackTeam "FC Bierstadt"]

1. c4 d6 2. Nc3 g6 3. Nf3 Bg7 4. g3 Nd7 5. d3 b6 6. Bd2 Bb7 7. Bg2 Ngf6 8. O-O
O-O 9. e4 Nc5 10. Be3 Ne6 11. e5 Ng4 12. Bd2 dxe5 13. h3 Nf6 14. Nxe5 Bxg2 15.
Kxg2 Nd7 16. Nxd7 Qxd7 17. Qg4 Qxd3 18. Rfd1 h5 19. Qe4 Qxe4+ 20. Nxe4 Bxb2 21.
Rab1 Be5 22. Ng5 Nxg5 23. Bxg5 Bf6 24. Rd5 Bxg5 25. Rxg5 Rad8 26. Rbb5 Rd2 27.
c5 Rxa2 28. g4 h4 29. cxb6 cxb6 30. Rbe5 a5 31. Re3 Rd8 32. Rxe7 Rd3 33. Re8+
Kg7 34. Rb8 Rg3+ 0-1